000 00666nam a22002057a 4500
003 NUST
005 20240216095406.0
008 190703b ||||| |||| 00| 0 eng d
038 _aMr. Zahoor
082 _a621.8
100 _aKhan, Shehryar Ali
_916533
245 _aCollaborative Optimal Reciprocal Collision Avoidance /
_c Shehryar Ali Khan
260 _aIslambad :
_bSMME - NUST,
_c2016.
300 _ax, 32 p. : ill. ;
_c30cm.
500 _aHardcover.
650 _aRobotics and Intelligent Machine Engineering - MS Thesis
_916127
700 _aDr. Yasar Ayaz
_916202
856 _u http://10.250.8.41:8080/xmlui/handle/123456789/9568
942 _2ddc
_cTHE
999 _c525615
_d525615